000 01777nam a2200685Ia 4500
001 14073
008 191123s9999 xx 000 0 und d
041 _aspa
044 _aec
100 _aVargas, Jose Maria,
245 0 _aHistoria del arte ecuatoriano.
260 _aQuito :
_bEditorial Santo Domingo,
_c1964.
300 _a284 p.
_bilustrado blanco y negro
500 _aDonación profesor Héctor Schenone.
650 _aARQUITECTURA
650 _aARQUITECTURA QUITEÑA
650 _aARQUITECTURA RELIGIOSA
650 _aARTE
650 _aARTE ECUATORIANO
650 _aARTE RELIGIOSO
650 _aBEDON, PEDRO
650 _aCADENA, LUIS
650 _aCARRILLO, JOSE
650 _aCHILI, MANUEL
650 _aCOFRADIAS
650 _aCONSTRUCCIONES
650 _aCRUZ, HERNANDO DE LA
650 _aDECORACION
650 _aESCUELAS DE ARTE
650 _aESCULTURA
650 _aESCULTURA QUITEÑA
650 _aGORIBAR, NICOLAS JAVIE
650 _aGUERRERO, JUAN AGUSTIN
650 _aIMAGINERIA
650 _aLEGARDA, BERNARDO DE
650 _aMONASTERIOS
650 _aPINTO, JOAQUIN
650 _aPINTURA QUITEÑA
650 _aPLATERIA
650 _aQUITO. ECUADOR
650 _aRETABLOS
650 _aROBLES, DIEGO DE
650 _aRODRIGUEZ, ANTONIO
650 _aRODRIGUEZ, BERNARDO
650 _aSALAS, ANTONIO
650 _aSAMANIEGO Y JARAMILLO, MANUEL
650 _aSANTIAGO, MIGUEL DE
650 _aSANZ, JUAN PABLO
650 _aSIGLO XVI
650 _aTROYA, RAFAEL
902 _aM
903 _am
904 _am
907 _aimpreso
911 _ailustrado blanco y negro
912 _a1964
942 _cLIBRO
999 _c11702
_d11702
550 _ailustrado blanco y negro